Statystyki dla Wybory Prezydenckie 2020

Kliknij tutaj aby rozwiązać quiz!

Ogólne statystyki

  • Ten quiz został rozwiązany 35 razy
  • Średni wynik to 7 z 11

Statystyki odpowiedzi

PartiaPoparcieKandydat% Poprawnych
PiS43,50%Andrzej Duda
100%
PO30,46%Rafał Trzaskowski
100%
bezpartyjny13,87%Szymon Hołownia
97%
Konfederacja6,78%Krzysztof Bosak
88%
PSL2,36%Władysław Kosiniak-Kamysz
85%
Wiosna2,22%Robert Biedroń
79%
KNP, PolExit0,23%Stanisław Żółtek
58%
Demokracja Bezpośrednia0,14%Paweł Tanajno
39%
Federacja dla RP0,17%Marek Jakubiak
18%
Ruch Prawdziwa Europa0,11%Mirosław Piotrowski
15%
Unia Pracy0,14%Waldemar Witkowski
15%

Rozkład punktacji

Percentyl według liczby udzielonych odpowiedzi

Procent ludzi z każdym wynikiem

Twoja historia wyników

Nie rozwiązałeś tego quizu